|
|
|
|
| LEADER |
00000cam a2200000 7i4500 |
| 001 |
0000003964 |
| 005 |
20130117.0 |
| 020 |
0 |
0 |
|a 9789839269802
|
| 090 |
0 |
0 |
|a JPSM 634.9068
|b HUT P
|
| 245 |
0 |
0 |
|a Hutan Simpan Bintang Hijau, Perak :
|b Pengurusan, hutan, persekitaran fizikal dan kepelbagaian biologi
|c Disunting oleh Razani Ujang, H.L.Koh,...[et.al]
|
| 260 |
0 |
0 |
|a Kuala Lumpur :
|b Jabatan Perhutanan Semenanjung Malaysia ,
|c 2010
|
| 300 |
|
|
|a 281 p. :
|b ill., maps ;
|c 26 cm.
|
| 440 |
0 |
0 |
|a Siri 12 : Kepelbagaian Biologi Hutan
|
| 500 |
0 |
0 |
|a Includes bibliographical references
|
| 650 |
0 |
0 |
|a Biological diversity conservation
|z Hutan Simpan Bintang Hijau, Perak
|
| 650 |
0 |
0 |
|a Biological diversity
|z Hutan Simpan Bintang Hijau, Perak
|
| 700 |
0 |
1 |
|a A Latiff
|
| 700 |
0 |
1 |
|a A. Damanhuri
|
| 700 |
0 |
1 |
|a H.L.Koh
|
| 700 |
0 |
1 |
|a Nik Mohd. Shah Nik Mustafa
|
| 700 |
0 |
1 |
|a Razani Ujang
|
| 710 |
1 |
1 |
|a Malaysia ,
|c Hutan Simpan Bintang Hijau, Perak
|
| 710 |
1 |
1 |
|a Malaysia ,
|c Jabatan Perhutanan Semenanjung Malaysia
|
| 998 |
|
|
|a JPSM
|
| 999 |
|
|
|a 007752
|b Monograph
|c Open Shelf
|e Default branch
|